K základným aspektom neogramsciánskeho chápania hegemónie v súčasnej teórii medzinárodných vzťahov

Problematika chápania hegemónie v neogramscianizme, ktorý sa zaraďuje medzi neomarxistické teórie v súčasných medzinárodných vzťahoch. Chápanie hegemónie v teórii medzinárodných vzťahoch. Pohľad na hegemóniu v diele A. Gramsciho. Základné črty pohľadu na hegemóniu v súčasných medzinárodných vzťahov...

Descripción completa

Guardado en:
Detalles Bibliográficos
Autor principal: Škvrnda, František
Formato: Capítulo de libro
Lenguaje:eslovaco
Materias:
Etiquetas: Agregar Etiqueta
Sin Etiquetas, Sea el primero en etiquetar este registro!

MARC

LEADER 00000naa$a2200000$$$4500
001 0053828
005 20240502071625.4
041 0 |a slo 
044 |a SK 
245 1 0 |a K základným aspektom neogramsciánskeho chápania hegemónie v súčasnej teórii medzinárodných vzťahov  |c František Škvrnda 
520 |a Problematika chápania hegemónie v neogramscianizme, ktorý sa zaraďuje medzi neomarxistické teórie v súčasných medzinárodných vzťahoch. Chápanie hegemónie v teórii medzinárodných vzťahoch. Pohľad na hegemóniu v diele A. Gramsciho. Základné črty pohľadu na hegemóniu v súčasných medzinárodných vzťahov v neogramscianizme. 
610 2 0 |a vzťahy medzinárodné 
610 2 0 |a teórie právne 
610 2 0 |a politológia 
610 2 0 |a politika sociálna 
610 2 0 |a moc politická 
100 1 |a Škvrnda, František